Chemistry Experimental Foundations (Record no. 7074)

MARC details
000 -LEADER
fixed length control field 00642nam a22001937a 4500
003 - CONTROL NUMBER IDENTIFIER
control field OSt
005 - DATE AND TIME OF LATEST TRANSACTION
control field 20210901134613.0
008 - FIXED-LENGTH DATA ELEMENTS--GENERAL INFORMATION
fixed length control field 210901b ||||| |||| 00| 0 eng d
020 ## - INTERNATIONAL STANDARD BOOK NUMBER
International Standard Book Number 0131292544
040 ## - CATALOGING SOURCE
Transcribing agency DDC
082 ## - DEWEY DECIMAL CLASSIFICATION NUMBER
Classification number 2000/17127
100 ## - MAIN ENTRY--PERSONAL NAME
Personal name Parry,Robert W. ;Bassow,Herb; Merrill,Phyllis; Tellefsen,Robert L.
9 (RLIN) 14569
245 ## - TITLE STATEMENT
Title Chemistry Experimental Foundations
Statement of responsibility, etc. Edited by Parry,Robert W. ;Bassow,Herb; Merrill,Phyllis; and Tellefsen,Robert L.
260 ## - PUBLICATION, DISTRIBUTION, ETC. (IMPRINT)
Place of publication, distribution, etc. USA
Name of publisher, distributor, etc. Prentice Hall International
Date of publication, distribution, etc. 1982
300 ## - PHYSICAL DESCRIPTION
Extent 672p;
Other physical details ill
Dimensions 25cm
504 ## - BIBLIOGRAPHY, ETC. NOTE
Bibliography, etc Includes; Glossary and index
650 ## - SUBJECT ADDED ENTRY--TOPICAL TERM
Topical term or geographic name as entry element Chemistry
9 (RLIN) 797
942 ## - ADDED ENTRY ELEMENTS (KOHA)
Source of classification or shelving scheme Dewey Decimal Classification
Koha item type Open Shelf

No items available.